General theory of norms / (Record no. 1542)

MARC details
000 -LEADER
fixed length control field 01974cam a2200469 a 4500
001 - CONTROL NUMBER
control field ocm21873696
003 - CONTROL NUMBER IDENTIFIER
control field TZ-ArACH
005 - DATE AND TIME OF LATEST TRANSACTION
control field 2012020903323.0
008 - FIXED-LENGTH DATA ELEMENTS--GENERAL INFORMATION
fixed length control field 900524s1990 enk b 001 0 eng
010 ## - LIBRARY OF CONGRESS CONTROL NUMBER
LC control number 90038320
020 ## - INTERNATIONAL STANDARD BOOK NUMBER
International Standard Book Number 019825217X
020 ## - INTERNATIONAL STANDARD BOOK NUMBER
International Standard Book Number 9780198252177
035 ## - SYSTEM CONTROL NUMBER
System control number (OCoLC)21873696
040 ## - CATALOGING SOURCE
Original cataloging agency DLC
Transcribing agency TZ-ArACH
Modifying agency FCI
-- MUQ
-- BAKER
-- BTCTA
-- YDXCP
-- OCLCG
-- KIJ
041 1# - LANGUAGE CODE
Language code of text/sound track or separate title eng
Language code of original and/or intermediate translations of text ger
049 ## - LOCAL HOLDINGS (OCLC)
Holding library TZAA
050 00 - LIBRARY OF CONGRESS CALL NUMBER
Classification number K230.K44
Item number A4413
082 00 - DEWEY DECIMAL CLASSIFICATION NUMBER
Classification number 340/.1
Edition number 20
100 1# - MAIN ENTRY--PERSONAL NAME
Personal name Kelsen, Hans,
Dates associated with a name 1881-1973.
9 (RLIN) 4236
240 10 - UNIFORM TITLE
Uniform title <a href="Allgemeine Theorie der Normen.">Allgemeine Theorie der Normen.</a>
Language of a work English
245 10 - TITLE STATEMENT
Title General theory of norms /
Statement of responsibility, etc Hans Kelsen ; translated by Michael Hartney.
260 ## - PUBLICATION, DISTRIBUTION, ETC. (IMPRINT)
Place of publication, distribution, etc Oxford [England] :
Name of publisher, distributor, etc Clarendon Press ;
Place of publication, distribution, etc New York :
Name of publisher, distributor, etc Oxford University Press,
Date of publication, distribution, etc 1991.
300 ## - PHYSICAL DESCRIPTION
Extent lx, 465 p. ;
Dimensions 24 cm.
500 ## - GENERAL NOTE
General note Translation of: Allgemeine Theorie der Norman.
504 ## - BIBLIOGRAPHY, ETC. NOTE
Bibliography, etc Includes bibliographical references (p. [430]-439) and index.
546 ## - LANGUAGE NOTE
Language note Translation of: Allgemeine Theorie der Normen.
650 #0 - SUBJECT ADDED ENTRY--TOPICAL TERM
Topical term or geographic name as entry element Law
General subdivision Philosophy.
9 (RLIN) 4237
650 #0 - SUBJECT ADDED ENTRY--TOPICAL TERM
Topical term or geographic name as entry element Law
General subdivision Interpretation and construction.
9 (RLIN) 4238
650 #0 - SUBJECT ADDED ENTRY--TOPICAL TERM
Topical term or geographic name as entry element Law and ethics.
9 (RLIN) 4239
650 #0 - SUBJECT ADDED ENTRY--TOPICAL TERM
Topical term or geographic name as entry element Jurisprudence.
9 (RLIN) 4240
650 #7 - SUBJECT ADDED ENTRY--TOPICAL TERM
Topical term or geographic name as entry element Droit
General subdivision Philosophie.
Source of heading or term ram
9 (RLIN) 4241
650 #7 - SUBJECT ADDED ENTRY--TOPICAL TERM
Topical term or geographic name as entry element Droit
General subdivision Interprétation.
Source of heading or term ram
9 (RLIN) 4242
650 #7 - SUBJECT ADDED ENTRY--TOPICAL TERM
Topical term or geographic name as entry element Droit et morale.
Source of heading or term ram
9 (RLIN) 4243
650 #7 - SUBJECT ADDED ENTRY--TOPICAL TERM
Topical term or geographic name as entry element Jurisprudence.
Source of heading or term ram
9 (RLIN) 4244
650 #6 - SUBJECT ADDED ENTRY--TOPICAL TERM
Topical term or geographic name as entry element Droit et morale.
9 (RLIN) 4245
650 #6 - SUBJECT ADDED ENTRY--TOPICAL TERM
Topical term or geographic name as entry element Droit
General subdivision Philosophie.
9 (RLIN) 4246
650 #6 - SUBJECT ADDED ENTRY--TOPICAL TERM
Topical term or geographic name as entry element Droit
General subdivision Interprétation.
9 (RLIN) 4247
776 08 - ADDITIONAL PHYSICAL FORM ENTRY
Display text Online version:
Main entry heading Kelsen, Hans, 1881-1973.
Uniform title Allgemeine Theorie der Normen. English.
Title General theory of norms.
Place, publisher, and date of publication Oxford [England] : Clarendon Press ; New York : Oxford University Press, 1991
Record control number (OCoLC)756447687
856 42 - ELECTRONIC LOCATION AND ACCESS
Materials specified Publisher description
Uniform Resource Identifier <a href="http://catdir.loc.gov/catdir/enhancements/fy0636/90038320-d.html">http://catdir.loc.gov/catdir/enhancements/fy0636/90038320-d.html</a>
942 ## - ADDED ENTRY ELEMENTS (KOHA)
Source of classification or shelving scheme Library of Congress Classification
Koha item type Books
Holdings
Home library Current library Shelving location Date acquired Full call number Barcode Koha item type
African Court on Human and Peoples' Rights Library African Court on Human and Peoples' Rights Library   09/02/2012 K230 .K44 A4413 10017038 Books

African Court on Human and Peoples' Rights | For Inquiries Contact » +255 272 510 510